00437naa a2200169 a 450000100080000000500110000800800410001910000180006024500620007826000090014065000110014965000110016065300130017165300160018465300120020077300550021218006832017-04-24 1913 bl --- 0-- u #d1 aCURTIS, A. H. aA motile curved anaerobic bacillus in uterine discharges. c1913 aVibrio aÚtero aBacillus aLeukorrheal aUterine tJournal Infectious Diseasegv.12, p.165-169, 1913.